[Event "Asian-ch Amateur 4th"]
[Site "Amman"]
[Date "2014.01.27"]
[Round "4.12"]
[White "Feras, Abu Ibeya"]
[Black "Mahmoud, Roaa"]
[Result "1-0"]
[WhiteElo "1963"]
[BlackElo "1553"]
[PlyCount "57"]
[EventDate "2014.01.25"]
[EventType "swiss"]
[EventRounds "9"]
[EventCountry "JOR"]
[SourceTitle "EXT 2024"]
[Source "ChessBase"]
[SourceDate "2023.10.10"]
[SourceVersion "1"]
[SourceVersionDate "2023.10.10"]
[SourceQuality "1"]

1. Nf3 d5 2. d4 Nf6 3. e3 Bg4 4. c4 c6 5. Qb3 Qc7 6. Ne5 Bf5 7. cxd5 cxd5 8. Bd2 Nc6 9. Na3 Qb6 10. Bb5 Bd7 11. Nxd7 Kxd7 12. Rc1 Rc8 13. 0-0 a6 14. Bxc6+ Rxc6 15. Qa4 Qc7 16. Rxc6 Qxc6 17. Qa5 Qc7 18. Rc1 Qxa5 19. Bxa5 Ne8 20. Nb1 e6 21. Nc3 Bd6 22. Na4 Nc7 23. Kf1 Re8 24. Ke2 f6 25. Nc5+ Kc8 26. Kd3 g5 27. e4 dxe4+ 28. Nxe4 Bxh2 29. Bxc7 1-0

[Event "Asian-ch Amateur 4th"]
[Site "Amman"]
[Date "2014.01.25"]
[Round "2.4"]
[White "Alrwabda, Somya"]
[Black "Feras, Abu Ibeya"]
[Result "0-1"]
[WhiteElo "1594"]
[BlackElo "1963"]
[PlyCount "52"]
[EventDate "2014.01.25"]
[EventType "swiss"]
[EventRounds "9"]
[EventCountry "JOR"]
[SourceTitle "EXT 2024"]
[Source "ChessBase"]
[SourceDate "2023.10.10"]
[SourceVersion "1"]
[SourceVersionDate "2023.10.10"]
[SourceQuality "1"]

1. e4 d6 2. d4 Nf6 3. Nc3 g6 4. f4 Bg7 5. Be2 c5 6. d5 0-0 7. Nf3 e6 8. Bc4 b5 9. Bxb5 Nxe4 10. Bd2 exd5 11. 0-0 Bg4 12. Bd3 Bd4+ 13. Kh1 Nf2+ 14. Rxf2 Bxf2 15. Qe2 Bd4 16. Nxd5 Nc6 17. Be4 Bxb2 18. Rb1 Nd4 19. Qd3 Rb8 20. Ne3 Nxf3 21. Bxf3 Bxf3 22. gxf3 Qh4 23. f5 Qh3 24. Nd5 Be5 25. Ne7+ Kh8 26. Bc3 f6 0-1

[Event "Poti Aleksandria Cup-B 8th"]
[Site "Poti"]
[Date "2013.07.13"]
[Round "1"]
[White "Gulua, Luka"]
[Black "Feras, Abu Ibeya"]
[Result "0-1"]
[WhiteElo "1510"]
[BlackElo "1973"]
[PlyCount "36"]
[EventDate "2013.07.13"]
[EventType "swiss"]
[EventRounds "9"]
[EventCountry "GEO"]
[SourceTitle "EXT 2014"]
[Source "ChessBase"]
[SourceDate "2013.11.20"]
[SourceVersion "1"]
[SourceVersionDate "2013.11.20"]
[SourceQuality "1"]

1. e4 c5 2. f4 e6 3. Nf3 d5 4. Bb5+ Nd7 5. e5 a6 6. Bxd7+ Bxd7 7. 0-0 Ne7 8. d3 Nf5 9. Nc3 Be7 10. Kh1 h5 11. Bd2 h4 12. Qe2 Bc6 13. a4 b5 14. axb5 axb5 15. d4 cxd4 16. Nxb5 d3 17. Qxd3 Bc5 18. Rxa8 Ng3+ 0-1